London 2012 (Record no. 114453)
[ view plain ]
| 000 -LEADER | |
|---|---|
| fixed length control field | 01241cad a22002415a 4500 |
| 001 - CONTROL NUMBER | |
| control field | L156858 |
| 008 - FIXED-LENGTH DATA ELEMENTS--GENERAL INFORMATION | |
| fixed length control field | 120723e20120115xxk f 000 0 eng d |
| 035 ## - SYSTEM CONTROL NUMBER | |
| System control number | (Sirsi) u156858 |
| 041 0# - LANGUAGE CODE | |
| Language code of text/sound track or separate title | eng |
| 100 1# - MAIN ENTRY--PERSONAL NAME | |
| Personal name | Armitt, John |
| 110 2# - MAIN ENTRY--CORPORATE NAME | |
| Corporate name or jurisdiction name as entry element | United Kingdom |
| Subordinate unit | Department for Culture, Media and Sport |
| 240 ## - UNIFORM TITLE | |
| Uniform title | Sir John Armitt report |
| 245 00 - TITLE STATEMENT | |
| Title | London 2012 |
| Remainder of title | a global showcase for UK plc |
| Medium | [electronic resource] |
| 260 ## - PUBLICATION, DISTRIBUTION, ETC. | |
| Place of publication, distribution, etc. | London |
| Name of publisher, distributor, etc. | DCMS |
| Date of publication, distribution, etc. | 2012 |
| 505 2# - FORMATTED CONTENTS NOTE | |
| Formatted contents note | Background -- Survey and workshop findings -- Ingredients for future success -- Recommendations -- Business questionnaire -- Survey respondents |
| 520 ## - SUMMARY, ETC. | |
| Summary, etc. | Emphasises the need for UK businesses to capitalise on their involvement in constructing the Olympic Park as soon as they can; the next 12 to 18 months represent a crucial window of opportunity particularly in terms of securing work on other major sports events - a fast-growing sector that is creating many new opportunities. |
| 590 ## - LOCAL NOTE (RLIN) | |
| Local note | KA NTK |
| 650 24 - SUBJECT ADDED ENTRY--TOPICAL TERM | |
| Topical term or geographic name entry element | OLYMPIC GAMES 2012 |
| 651 #4 - SUBJECT ADDED ENTRY--GEOGRAPHIC NAME | |
| Geographic name | United Kingdom |
| Chronological subdivision | |
| 690 ## - LOCAL SUBJECT ADDED ENTRY--TOPICAL TERM (OCLC, RLIN) | |
| Topical term or geographic name as entry element | Construction management |
| 9 (RLIN) | 6230 |
| 856 40 - ELECTRONIC LOCATION AND ACCESS | |
| Uniform Resource Identifier | <a href="https://www.culture.gov.uk/images/publications/John_Armitt_Report.pdf">https://www.culture.gov.uk/images/publications/John_Armitt_Report.pdf</a> |
| Public note | View the item free of charge at http://www.culture.gov.uk |
| 942 ## - ADDED ENTRY ELEMENTS (KOHA) | |
| Suppress in OPAC | 0 |
| Withdrawn status | Lost status | Source of classification or shelving scheme | Damaged status | Not for loan | Home library | Current library | Shelving location | Date acquired | Total Checkouts | Full call number | Barcode | Date last seen | Copy number | Price effective from | Koha item type |
|---|---|---|---|---|---|---|---|---|---|---|---|---|---|---|---|
| Dewey Decimal Classification | London | London | Online | 23/07/2012 | ONLINE PUBLICATION | 156858-1001 | 06/08/2019 | 1 | 06/08/2019 | Book |